| 000 | 01146nam a22003857a 4500 | ||
|---|---|---|---|
| 001 | 046 | ||
| 003 | DO-SdBPM | ||
| 005 | 20260528132925.0 | ||
| 007 | ta | ||
| 008 | 151005b 1996 sp 00| 0 spa d | ||
| 020 | _a8422659042 | ||
| 040 |
_aDO-SdBPM _bspa _cBPMSU _erda |
||
| 082 | 4 |
_a833.91 _bP943L1996 _222 |
|
| 092 |
_a _b |
||
| 100 | 1 |
_aPreussler, Otfried, _d1923- _eautor _4aut. |
|
| 245 | 1 | 4 |
_aLos locos de Villasimplona / _cOtfried Preussler ; ilustración Erich Hölle ; traducción Marianella Terzi |
| 250 | _a | ||
| 260 | _c | ||
| 264 |
_aMadrid : _bCírculo de lectores, _c1996 |
||
| 300 |
_a152 páginas : _bilustraciones ; _c22 cm |
||
| 336 |
_atexto _btxt _2rdacontent |
||
| 337 |
_asin mediación _bn _2rdamedia |
||
| 338 |
_avolumen _bnc _2rdacarrier |
||
| 490 | 0 |
_aEl barco de vapor _v |
|
| 490 | 1 | _a | |
| 500 | _a | ||
| 521 | 1 | _aA partir de los 9 años | |
| 590 | _aInventariado, 2026/VM | ||
| 650 | _a Cuentos infantiles alemanes | ||
| 700 | 1 |
_aHölle, Erich _eilustración |
|
| 700 | 1 |
_aTerzi, Marinella _etraducción |
|
| 830 | 0 | _a | |
| 910 | _aVMateo V. Control de calidad. BPMSU | ||
| 942 |
_2ddc _cBK |
||
| 999 |
_c10900 _d10900 |
||